Modelo de gestión integral de riesgos para el sector atunero

সংরক্ষণ করুন:
গ্রন্থ-পঞ্জীর বিবরন
প্রধান লেখক: Ugalde Zabala, Robert (Author), De la Peña, Joseba Iñaki (Author)
সংস্থা লেখক: Fundación Mapfre (Author), Area de Seguros y Previsión Social (Author)
বিন্যাস: গ্রন্থ
ভাষা:স্প্যানিশ
প্রকাশিত: Madrid Fundación Mapfre 2015
Madrid Asociación Española Gerencia de Riesgos y Seguros 2015
সংস্করন:1a. ed
মালা:Cuadernos de la Fundación, 212
বিষয়গুলি:
ট্যাগগুলো: ট্যাগ যুক্ত করুন
কোনো ট্যাগ নেই, প্রথমজন হিসাবে ট্যাগ করুন!

MARC

LEADER 00000cam a2200000 a 4500
001 UCD2183
003 CL-VaPUC
008 160414e20150000sp |||||||||||||||||spa|d
020 |a 9788498445725 
082 0 4 |a 658.155  |b UGA  |2 21 
100 0 |a Ugalde Zabala, Robert  |e author  |9 585480 
700 0 |a De la Peña, Joseba Iñaki  |e author  |9 585481 
110 2 |a Fundación Mapfre  |e author  |9 585482 
710 2 |a Area de Seguros y Previsión Social  |e author  |9 585483 
245 1 0 |a Modelo de gestión integral de riesgos para el sector atunero 
250 |a 1a. ed 
300 |a 306 p 
942 |c BK 
945 |d 20160414 22:20:00  |a arojas 
260 |a Madrid  |b Fundación Mapfre  |c 2015 
260 |a Madrid  |b Asociación Española Gerencia de Riesgos y Seguros  |c 2015 
650 0 |a Riesgos   |9 430723 
650 7 |a SEGUROS  |2 CL-VaPUC  |9 585484 
650 0 |a Administración de riesgos  |9 307150 
583 |a last modification  |c 20160414 22:20:00  |k Rodrigo Vera 
490 0 |a Cuadernos de la Fundación, 212 
999 |c 363378  |d 363376 
952 |0 0  |1 0  |3 erb  |4 0  |6 658_155000000000000_UGA_2015_2015  |7 0  |8 A  |9 475575  |a BIBGIM  |b BIBGIM  |i 5281741  |o 658.155 UGA 2015 2015  |p 5281741  |r 2025-01-15  |w 2019-11-24  |y BK  |z Catalogado en:20160414  |k SSL